00625nam a2200193Ia 4500003000900000008004100009040001600050080001500066100002500081245005000106260002900156300001500185490007700200650002000277650002100297942000700318999001500325952009100340IN-BaIIA211028s9999 xx 000 0 eng d cIIA Library a530.1bBEI aBeiser, Arthur97976 0aPerspectives of modern physicscArthur Beiser aTokyobMcGraw-Hillc1969 avii, 611p. aMcGraw-Hill series in fundamentals of physics: an undergraduate textbook a Physics97977 aNASA Thesaurus  cBK c4536d4536 00104070aBANbBANcGENd1974-10-09l0o530.1/ BEIp5063r2021-11-05w1974-10-09yBK